Statistics for Saudia Destinations-Jeddah

Click here to take the quiz!

General Stats

  • This quiz has been taken 21 times
  • The average score is 47 of 80

Answer Stats

Country Airport % Correct
AustriaVienna
100%
IndiaMumbai
93%
ItalyMilan
93%
ItalyRome
93%
JordanAmman
93%
GermanyMunich
93%
FranceParis
93%
EgyptCairo
93%
USANew York
93%
OmanMuscat
87%
MaldivesMale
87%
LebanonBeirut
87%
PakistanIslamabad
87%
KuwaitKuwait City
87%
KenyaNairobi
87%
PakistanKarachi
87%
PhilippinesManila
87%
AlgeriaAlgiers
87%
IndonesiaJakarta
87%
Saudi ArabiaRiyadh
87%
GermanyFrankfurt
87%
BangladeshDhaka
87%
USALos Angeles
87%
UKLondon
87%
TunisiaTunis
87%
EthiopiaAddis-Ababa
87%
UAEDubai
87%
UAEAbu Dhabi
87%
TurkeyIstanbul
87%
IndiaDelhi
87%
TurkeyAnkara
87%
MalaysiaKuala Lumpur
80%
Sri LankaColombo
80%
MoroccoCasablanca
80%
UKManchester
80%
SpainMadrid
80%
South AfricaJohannesburg
80%
SingaporeSingapore
80%
SudanKhartoum
80%
SwitzerlandGeneva
80%
USAWashington
73%
IndiaChennai
73%
PakistanLahore
73%
IndiaBangalore
67%
BahrainBahrain
67%
EgyptAlexandria
67%
Saudi ArabiaMedina
67%
ChinaGuangzhou
67%
Saudi ArabiaDammam
67%
MauritiusPort Louis
53%
IraqErbil
53%
IndiaHyderabad
53%
PakistanPeshawar
47%
EgyptSharm-El-Sheikh
47%
Saudi ArabiaAbha
40%
SudanPort Sudan
33%
Saudi ArabiaTabuk
33%
Saudi ArabiaHa'il
20%
Saudi ArabiaJizan
20%
IndiaKozhikode
20%
PakistanMultan
20%
Saudi ArabiaYanbu
20%
IndiaLucknow
13%
Saudi ArabiaAl Qassim
13%
Saudi ArabiaTaif
13%
Saudi ArabiaArar
13%
Saudi ArabiaAl Ula
7%
Saudi ArabiaTuraif
7%
Saudi ArabiaSharurah
7%
Saudi ArabiaSakaka
7%
Saudi ArabiaRafha
7%
Saudi ArabiaGurayat
7%
Saudi ArabiaDawadmi
7%
Saudi ArabiaBisha
7%
IndiaCochin
7%
Saudi ArabiaWadi ad Dawasir
0%
Saudi ArabiaWajh
0%
Saudi ArabiaQaisumah
0%
Saudi ArabiaHofuf
0%
Saudi ArabiaAl Baha
0%

Score Distribution

Percentile by Number Answered

Percent of People with Each Score

Your Score History

You have not taken this quiz